Países "Dirigidos" por el Rey Carlos III - Estadísticas

Estadísticas generales
  • Esta prueba ha sido intentada 3.341 veces
    2.035 desde el último reinicio
  • La puntuación promedio es 9 de 15
Estadísticas de respuestas
País % Correcto
Reino Unido
96%
Australia
86%
Nueva Zelanda
81%
Canadá
79%
Antigua y Barbuda
56%
Bahamas
54%
San Cristóbal y Nieves
54%
San Vicente y las Granadinas
54%
Santa Lucía
53%
Jamaica
52%
Tuvalu
51%
Granada
50%
Belice
47%
Islas Salomón
46%
Papua Nueva Guinea
34%
No se encontraron pruebas coincidentes
Distribución de puntuación
Porcentaje de gente con cada puntuación
Porcentaje por número respondido
Historial de tus puntuaciones
No has intentado esta prueba desde el último reinicio